BIBLIOTECA PODER JUDICIAL
Portal Judicial TDF

Impacto del dec. 780/2024 en la Ley de Acceso a la Información Pública / (Registro nro. 6298)

000 -LEADER
fixed length control field 01098nabaa22002057a 4500
003 - CONTROL NUMBER IDENTIFIER
control field OSt
005 - DATE AND TIME OF LATEST TRANSACTION
control field 20260129020329.0
008 - FIXED-LENGTH DATA ELEMENTS--GENERAL INFORMATION
fixed length control field 190701b xxu||||| |||| 00| 0 spa d
040 ## - CATALOGING SOURCE
Transcribing agency PJ
100 ## - MAIN ENTRY--PERSONAL NAME
9 (RLIN) 6982
Personal name Berriel, Natalie
245 10 - TITLE STATEMENT
Title Impacto del dec. 780/2024 en la Ley de Acceso a la Información Pública /
Remainder of title
Statement of responsibility, etc Natalie Berriel.
300 ## - PHYSICAL DESCRIPTION
Extent p. 114-124
500 ## - GENERAL NOTE
General note Cita: TR LALEY AR/DOC/808/2025
505 ## - FORMATTED CONTENTS NOTE
Formatted contents note Sumario: I. Introducción.— II. El principio de buena fe: un nuevo enfoque. — III. Modificaciones en las definiciones clave.— IV. Nuevos requisitos para la solicitud de información.— V. Modificación de las excepciones al acceso a la información.— VI. Nuevas funciones.— VII. Conclusión.— VIII. Bibliografía.
505 ## - FORMATTED CONTENTS NOTE
Title ¿Te interesa el texto completo? Comunicate al correo: koha@justierradelfuego.gov.ar
650 #0 - SUBJECT ADDED ENTRY--TOPICAL TERM
9 (RLIN) 211
Topical term or geographic name as entry element DERECHO ADMINISTRATIVO
650 #0 - SUBJECT ADDED ENTRY--TOPICAL TERM
9 (RLIN) 5529
Topical term or geographic name as entry element ACCESO A LA INFORMACIÓN PÚBLICA
773 0# - HOST ITEM ENTRY
Host Biblionumber 2842
Host Itemnumber 3251
Place, publisher, and date of publication Buenos Aires : AbeledoPerrot, 2012-
Other item identifier DA121
Title Derecho administrativo. Nº 159 mayo/junio 2025
International Standard Book Number 18510590
942 ## - ADDED ENTRY ELEMENTS (KOHA)
Source of classification or shelving scheme
Koha item type Analítica Artículo de Revista

No hay ítems disponibles.

12 de Octubre 789 Ushuaia - Tel:  54(02901)441571
Horario de Atención: 8.00 a 17.00 hs. 
bibliotecaush@justierradelfuego.gov.ar
koha@justierradelfuego.gov.ar
Seguinos en nuestras redes @bibliojustdf 

Con tecnología Koha